Olympische Winterspiele - Piktogramme der Sportarten - Statistiken

Allgemein
  • Dieses Quiz wurde 112 mal gespielt
  • Das Durchschnittsergebnis liegt bei 13 aus 16
Antwortstatistiken
Bildquiz Antwort % Korrekt
Bob
98%
Curling
97%
Biathlon
94%
Skilanglauf
94%
Eishockey
93%
Eiskunstlauf
93%
Skispringen
93%
Snowboard
91%
Rennrodeln
88%
Skeleton
84%
Eisschnelllauf
82%
Nordische Kombination
78%
Ski Alpin
70%
Freestyle-Skiing
52%
Shorttrack
52%
Skibergsteigen
49%
Keine übereinstimmenden Quizze gefunden
Verteilung der Resultate
Anzahl Personen mit jedem Resultat
Perzentil nach korrekt beantworteten Fragen
Ihre Resultats-Entwicklung
Sie haben dieses Quiz noch nicht gespielt